01018nas a2200277 4500001001000000003000900010005001700019007000300036008003400039040005400073041000900127072000800136100002100144100002100165100002500186100001900211245009300230650002600323650002100349650003200370773010800402909004000510942001800550999001900568952015300587BR0803801BR-BrBNA20231205112323.0ta230509b bl.|||p| |||| 00| 00por d aBR-BrBNAbporcBiblioteca Nacional de Agricultura a(Pt) aP341 aSouza, L.A.G. de1 aBezerra Neto, E.1 aSantos, C.E. de R.S.1 aStamford, N.P.1 aDesenvolvimento e nodulação natural de leguminosas arbóreas em solos de Pernambuco aLEGUMINOSA FORRAGEIRA aBIOLOGIA DO SOLO aFIXAÇÃO DE NITROGÊNIO0 tPesquisa Agropecuária Brasileira (Brazil)xISSN 0100-204Xg(Feb 2007), v. 42(2) p. 207-217wBR0803801 a202311bLúciac55dLúcia Elande 2AGRISn0cANA c197412d197412 002AGRIS4071a41918b41918cPeriódicos Agrícolash(Feb 2007), v. 42(2) p. 207-217l0r2023-11-29t01yCRePortaria Interministerial nº 164/94